| 000 | 00656nam a2200217 a 4500 | ||
|---|---|---|---|
| 001 | 000038217 | ||
| 003 | DO-SdBNP | ||
| 005 | 20171107125612.0 | ||
| 007 | 000038217 | ||
| 008 | 130322s1989 dr a 000 0 spa d | ||
| 040 |
_aBPMSU _bspa _cBPMSU |
||
| 100 | 1 | _aGómez de Michel, Fiume | |
| 245 | 1 | 0 |
_aManual de literatura dominicana y américana : _bcuarto teorico / _cFiume Gómez de Michel |
| 260 |
_aSanto Domingo : _bAlfa & Omega _c1989 |
||
| 300 |
_a483 p. : _bil. ; _c27 cm. |
||
| 930 | 1 |
_l _m _8 _f _p _g |
|
| 942 |
_2ddc _cBK |
||
| 945 | _aInventariado texto / 2017 VM | ||
| 956 |
_a _b _c _l _h |
||
| 956 |
_aVMATEO _b10 _c20150505 _lBPMSU _h00151 |
||
| 999 |
_c7797 _d7797 |
||